Heat transfer (Record no. 3641)

000 -LEADER
fixed length control field 00564nam a2200229 a 4500
001 - CONTROL NUMBER
control field 3641
003 - CONTROL NUMBER IDENTIFIER
control field BD-DhUET
008 - FIXED-LENGTH DATA ELEMENTS--GENERAL INFORMATION
fixed length control field 960506s1997 nyua b 001 0 eng
020 ## - INTERNATIONAL STANDARD BOOK NUMBER
International Standard Book Number 0071143203
020 ## - INTERNATIONAL STANDARD BOOK NUMBER
International Standard Book Number 0078447852
040 ## - CATALOGING SOURCE
Original cataloging agency DLC
Transcribing agency DLC
Modifying agency BD-DhUET
082 00 - DEWEY DECIMAL CLASSIFICATION NUMBER
Classification number 621.011
Item number HOL/1997
100 1# - MAIN ENTRY--PERSONAL NAME
Personal name Holman, J. P.
245 10 - TITLE STATEMENT
Title Heat transfer
250 ## - EDITION STATEMENT
Edition statement 8th ed.
260 ## - PUBLICATION, DISTRIBUTION, ETC. (IMPRINT)
Place of publication, distribution, etc. New York
Name of publisher, distributor, etc. McGraw-Hill
Date of publication, distribution, etc. 1997
300 ## - PHYSICAL DESCRIPTION
Extent xviii, 696 p.
Other physical details ill.
490 ## - SERIES STATEMENT
Series statement Schaum's outline series
504 ## - BIBLIOGRAPHY, ETC. NOTE
Bibliography, etc Includes bibliographies
650 #0 - SUBJECT ADDED ENTRY--TOPICAL TERM
Topical term or geographic name as entry element Heat transfer
942 ## - ADDED ENTRY ELEMENTS (KOHA)
Koha item type General Book
Holdings
Not for loan Date acquired Koha date last seen Koha normalized classification for sorting Koha date last borrowed Koha full call number Location (home branch) Damaged status Price effective from Koha item type Withdrawn status Koha out on loan Sublocation or collection (holding branch) Koha issues (times borrowed) Source of classification or shelving scheme Copy number Shelving location Piece designation (barcode) Lost status
 2014-11-032025-04-27621_011000000000000_HOL_19972025-04-27621.011/HOL/1997Central Library, BUET 2014-11-03General Book 2025-05-11Central Library, BUET3 1Circulation section92450 
 2014-11-032014-11-03621_011000000000000_HOL_1997 621.011/HOL/1997Central Library, BUET 2014-11-03General Book  Central Library, BUET  2Circulation section92452 
 2014-11-032016-07-30621_000000000000000_011HOL1997 621.011/HOL/1997Central Library, BUET 2014-11-03General Book  Central Library, BUET  3Circulation section92453 
 2014-11-032022-06-08621_000000000000000_011HOL19972022-01-09621.011/HOL/1997Central Library, BUET 2014-11-03General Book  Central Library, BUET1 4Circulation section92454 
 2014-11-032024-10-28621_000000000000000_011HOL19972024-10-02621.011/HOL/1997Central Library, BUET 2014-11-03General Book  Central Library, BUET2 5Circulation section92455 
 2014-11-032024-08-31621_000000000000000_011HOL19972023-12-10621.011/HOL/1997Central Library, BUET 2014-11-03General Book  Central Library, BUET3 6Circulation section92457 
 2014-11-032014-11-03621_000000000000000_011HOL1997 621.011/HOL/1997Central Library, BUET 2014-11-03General Book  Central Library, BUET  7Circulation section92459 
 2014-11-032024-08-28621_011000000000000_HOL_19972024-03-12621.011/HOL/1997Central Library, BUET 2014-11-03General Book  Central Library, BUET1 8Circulation section92460 
 2014-11-032024-06-22621_000000000000000_011HOL19972024-04-08621.011/HOL/1997Central Library, BUET 2014-11-03General Book  Central Library, BUET1 9Circulation section92461 
 2014-11-032025-03-12621_000000000000000_011HOL19972024-12-10621.011/HOL/1997Central Library, BUET 2014-11-03General Book  Central Library, BUET5 10Circulation section92462 
 2014-11-032017-05-03621_000000000000000_011HOL19972015-03-04621.011/HOL/1997Central Library, BUET 2014-11-03General Book  Central Library, BUET1 11Circulation section92464 
 2014-11-032019-07-10621_000000000000000_011HOL19972019-06-17621.011/HOL/1997Central Library, BUET 2014-11-03General Book  Central Library, BUET3 12Circulation section92465 
 2014-11-032022-06-08621_000000000000000_011HOL19972022-05-24621.011/HOL/1997Central Library, BUET 2014-11-03General Book  Central Library, BUET3 13Circulation section92466 
 2015-04-122015-04-12621_011000000000000_HOL_1997 621.011 HOL/1997Central Library, BUET 2015-04-12General Book  Central Library, BUET  14Circulation section92468 
 2015-07-022015-07-02621_011000000000000_HOL_1997 621.011/HOL/1997Central Library, BUET 2015-07-02Reading Item  Central Library, BUET  15Reading section92447 
 2015-07-092015-07-09621_011000000000000_HOL_1997 621.011/HOL/1997Central Library, BUET 2015-07-09Reading Item  Central Library, BUET  16Reading section92446